000 00774nam a2200205 i 4500
001 94261
003 ES-MaACL
005 20250907063056.0
007 t|
008 050427s1963 sp ||||1| spa d
100 1 _aLópez Rodó, Laureano,
_d1920-2000
_973928
245 1 3 _aLa Administración pública y las transformaciones socioeconómicas
_b: discurso de recepción en la Real Academia de Ciencias Morales y Políticas... 29 de mayo de 1963 /
_cLaureano López Rodó.
250 _a[1ª ed.].
260 _aMadrid :
_b[s.n.],
_c1963 (
_fImp. Boletín Oficial del Estado)
300 _a144 p. ;
_c22 cm.
490 1 _aEstudios administrativos
830 0 _aEstudios administrativos
_9181549
852 _aES-MaACL
_jE-5776
_bR.90225
999 _c94261
_d94261